000
00220 a2200097 4500
001
45962
100
_a
Herbert
245
_a
The modern fundamentals of golf
260
_a
London
_b
Nicbolas kaye
_c
090
_c
29079
_d
29079
942
_a
NUST-CAE
_c
M
_c
21201
999
_c
281035
_d
281035